Normal view
MARC view
- Maqbool Arshad
Entry Personal Name
001 - CONTROL NUMBER
- control field: 57670
003 - CONTROL NUMBER IDENTIFIER
- control field: NUST
005 - DATE AND TIME OF LATEST TRANSACTION
- control field: 20210628201954.0
008 - FIXED-LENGTH DATA ELEMENTS
- fixed length control field: 210628|| aca||aabn | a|a d
040 ## - CATALOGING SOURCE
- Original cataloging agency: NUST
- Transcribing agency: NUST
100 ## - HEADING--PERSONAL NAME
- Personal name: Maqbool Arshad
670 ## - SOURCE DATA FOUND
- Source citation: Work cat.: (NUST): Maqbool Arshad, Al-qaeda,the story of osama bin laden's al qaeda
